000 00967nam a22002057a 4500
999 _c11532
_d11532
003 AR-CdUCM
008 190404b ||||| |||| 00| 0 spa d
040 _aMUNICIPALIDAD PROVINCIAL DEL CUSCO
_cBIBLIOTECA MUNICIPAL DEL CUSCO
082 _a348.8 /
_bC29 /1942
100 _aCastañeda Rangel, Alfonso.
_928948
245 _aLa rescisión del contrato de trabajo en la legislación del Perú :
_blegislación, jurisprudencia, doctrina /
260 _a Lima :
_c1942.
300 _a255 paginas ;
_c21 cm.
505 _aContenido : La rescisión del contrato de trabajo -- Modo y forma de rescindir el contrato del trabajo -- La clasificación de los trabajadores en empleados y obreros -- Los derechos del servidor -- Los derechos indemnizatorios por la terminación del contrato de trabajo por muerte del servidor ...
650 _aDerecho laboral
_95297
650 _aPerú
_935
650 _aLeyes del trabajo
_928949
942 _2ddc
_cLIBROS
945 _awnts